00609 a2200181 4500003000500000005001700005010001600022020001500038040000900053082001600062100002200078245005200100250001200152260004700164300004100211505014000252650003500392Nust20221121175228.0 a 98041278 a0766804240 cNust00a621.381,MEA1 aMeade, Russell L.10aFoundations of electronics /cRussell L. Meade. a3rd ed. aAlbany, N.Y. :bDelmar Publishers,cc1999. axxxii, 860 p. :bcol. ill. ;c26 cm. aPart1: Foundational Concepts.Part 2: Bsic Circuits Anaylsis Part 3: Producing $ Measuring Elec Part 4: Reactive Commponents (Page-464). 0aTelecommunication Engineering.